00973nam a2200277 i 4500001000300000003000400003005001700007008003900024015001700063020001500080040001400095080000800109080001200117100004200129245011800171246004800289250001200337260004300349300004100392504003400433655003000467650002300497710003400520700004300554856009800597bgBPK20210114145001.0980508s1998 pl a f f |001 0 pol aPB 1998/5018 a8301123117 aWA NcBPK a543 a(075.8)1 aMinczewski, Jerzyd(1916-1995)eAutor10aChemia analityczna.n[T.] 1,pPodstawy teoretyczne i analiza jakościowa /cJerzy Minczewski, Zygmunt Marczenko.30aPodstawy teoretyczne i analiza jakościowa aWyd. 7. aWarszawa :bWydaw. Naukowe PWN,c1998. a427, [1] s. :brys., wykr. ;c24 cm. aBibliogr. s. 33-34. - Indeks. 4aPodręczniki akademickie 4aChemia analityczna2 aWydawnictwo Naukowe PWN4pbl.1 aMarczenko, Zygmuntd(1922-2002)eAutor uhttp://koha.tu.koszalin.pl/cgi-bin/koha/opac-detail.pl?biblionumber=33634yKatalog online BPK